Catalunya - mapa de vegueries - Statistics

General Stats
  • This quiz has been taken 197 times
  • The average score is 6 of 9
Answers on the Map
Answers color-coded by a green-red scale on the quiz's map according to % correct below.
 
Answer Stats
vegueria % Correct
Barcelona
90%
Girona
82%
Lleida
76%
Aran
74%
Catalunya Central
66%
Terres de l'Ebre
60%
Penedès
57%
Camp de Tarragona
54%
Alt Pirineu
51%
No matching quizzes found
Score Distribution
Percent of People with Each Score
Percentile by Number Answered
Your Score History
You have not taken this quiz